Freddy Gatón Arce : (Registro nro. 18233)
[ vista simple ]
| 000 -CABECERA | |
|---|---|
| campo de control de longitud fija | 00879nam a2200265 a 4500 |
| 001 - NÚMERO DE CONTROL | |
| campo de control | 000018713 |
| 003 - IDENTIFICADOR DEL NÚMERO DE CONTROL | |
| campo de control | DO-SdBNP |
| 005 - FECHA Y HORA DE LA ÚLTIMA TRANSACCIÓN | |
| campo de control | 20250129121827.0 |
| 007 - CAMPO FIJO DE DESCRIPCIÓN FÍSICA--INFORMACIÓN GENERAL | |
| campo de control de longitud fija | ta |
| 008 - DATOS DE LONGITUD FIJA--INFORMACIÓN GENERAL | |
| campo de control de longitud fija | 100514s2010 dr c 000 0 spa d |
| 020 ## - NÚMERO INTERNACIONAL ESTÁNDAR DEL LIBRO | |
| Número Internacional Estándar del Libro | 9789945872934 |
| 040 ## - FUENTE DE LA CATALOGACIÓN | |
| Centro catalogador/agencia de origen | DO-SdBNP |
| Lengua de catalogación | spa |
| Centro/agencia transcriptor | BNPHU |
| 082 #4 - NÚMERO DE LA CLASIFICACIÓN DECIMAL DEWEY | |
| Número de clasificación | RD861.44 |
| Número de documento/Ítem | G261f |
| Número de edición | 22 |
| 245 00 - MENCIÓN DE TÍTULO | |
| Título | Freddy Gatón Arce : |
| Resto del título | antología / |
| Mención de responsabilidad, etc. | Selección Manuel Mora Serrano, Cayo Claudio Espinal. |
| 260 ## - PUBLICACIÓN, DISTRIBUCIÓN, ETC. | |
| Lugar de publicación, distribución, etc. | Santo Domingo : |
| Nombre del editor, distribuidor, etc. | Dirección General de la Feria del Libro, |
| Fecha de publicación, distribución, etc. | 2010. |
| 300 ## - DESCRIPCIÓN FÍSICA | |
| Extensión | 154 p. : |
| Otras características físicas | retr. ; |
| Dimensiones | 24 cm. |
| 590 ## - NOTA LOCAL (RLIN) | |
| Nota local | Inventariado, 2023/BT |
| 600 10 - PUNTO DE ACCESO ADICIONAL DE MATERIA--NOMBRE DE PERSONA | |
| Nombre de persona | Gatón Arce, Freddy, |
| Fechas asociadas al nombre | 1920-1994 |
| Subdivisión general | Historia y crítica |
| 9 (RLIN) | 7946 |
| 650 #4 - PUNTO DE ACCESO ADICIONAL DE MATERIA--TÉRMINO DE MATERIA | |
| Término de materia o nombre geográfico como elemento de entrada | Poesía dominicana |
| Subdivisión general | Colecciones |
| 9 (RLIN) | 351 |
| 650 #0 - PUNTO DE ACCESO ADICIONAL DE MATERIA--TÉRMINO DE MATERIA | |
| Término de materia o nombre geográfico como elemento de entrada | Literatura dominicana. |
| 9 (RLIN) | 67 |
| 700 1# - PUNTO DE ACCESO ADICIONAL--NOMBRE DE PERSONA | |
| Nombre de persona | Mora Serrano, Manuel, |
| Títulos y otros términos asociados al nombre | 1933- |
| 9 (RLIN) | 5162 |
| 700 1# - PUNTO DE ACCESO ADICIONAL--NOMBRE DE PERSONA | |
| Nombre de persona | Espinal, Cayo Claudio |
| 9 (RLIN) | 40395 |
| 910 ## - DATOS DE OPCIÓN DEL USUARIO (OCLC) | |
| Datos de opción del usuario | BT |
| 942 ## - ELEMENTOS DE PUNTO DE ACCESO ADICIONAL (KOHA) | |
| Fuente del sistema de clasificación o colocación | Dewey Decimal Classification |
| Tipo de ítem Koha | Libro |
| Estado de retiro | Estado de pérdida | Fuente del sistema de clasificación o colocación | Restricciones de uso | No para préstamo | Código de colección | Localización permanente | Ubicación/localización actual | Ubicación en estantería | Fecha de adquisición | Signatura topográfica completa | Código de barras | Fecha visto por última vez | Número de copia | Precio válido a partir de | Tipo de ítem Koha | Nota pública | Fuente de adquisición | Total de préstamos |
|---|---|---|---|---|---|---|---|---|---|---|---|---|---|---|---|---|---|---|
| Dewey Decimal Classification | Préstamo en sala | Dominicana de Servicio | Biblioteca Nacional Pedro Henríquez Ureña | Biblioteca Nacional Pedro Henríquez Ureña | Depósito | 14.05.2010 | BNPHU DS RD861.44 G261f | 18713-30 | 25.06.2020 | e. 3 | 25.06.2020 | Libro | Perteneció a la biblioteca personal de Chiqui Vicioso / Fidelio Despradel. | |||||
| Dewey Decimal Classification | Préstamo en sala | Dominicana de Servicio | Biblioteca Nacional Pedro Henríquez Ureña | Biblioteca Nacional Pedro Henríquez Ureña | Depósito | 10.08.2015 | BNPHU DS RD861.44 G261f | 18713-50 | 25.06.2020 | e. 4 | 25.06.2020 | Libro | ||||||
| Dewey Decimal Classification | Excluido de préstamo | Patrimonio Dominicano | Biblioteca Nacional Pedro Henríquez Ureña | Biblioteca Nacional Pedro Henríquez Ureña | Depósito | 14.05.2010 | BNPHU PD RD861.44 G261f | 18713-10 | 25.06.2020 | 25.06.2020 | Libro | |||||||
| Dewey Decimal Classification | Excluido de préstamo | Patrimonio Dominicano | Biblioteca Nacional Pedro Henríquez Ureña | Biblioteca Nacional Pedro Henríquez Ureña | Depósito | 14.05.2010 | BNPHU PD RD861.44 G261f | 18713-20 | 25.06.2020 | e. 2 | 25.06.2020 | Libro | ||||||
| Dewey Decimal Classification | Préstamo en sala | Dominicana de Servicio | Biblioteca Nacional Pedro Henríquez Ureña | Biblioteca Nacional Pedro Henríquez Ureña | Depósito | 02.02.2023 | BNPHU DS RD861.44 G261f | 2023-0535 | 02.02.2023 | e.5 | 02.02.2023 | Libro | Donación |
